000 00699nam a2200253 i 4500
001 C2-0118729
003 PPAK
005 20180727111444.0
008 970803s1986 enka|||| ||||| | eng d
020 _a072071656X
040 _aPPAK
_beng
_cPPAK
_erda
082 0 4 _a796.6
_223
090 0 0 _a796.6
_bWOO
_dG
090 0 0 _a796.6
_bWOO
_dR
100 1 _aWoodland, Les,
_eauthor
245 1 0 _aCycle racing:
_btraining to win.-2nd ed.
264 1 _aLondon :
_bPelham Books Ltd. ,
_c1986
300 _a143 pages :
_billustrations ;
_c22 cm
336 _2rdacontent
_atext
337 _2rdamedia
_aunmediated
338 _2rdacarrier
_avolume
650 1 0 _aBicycle racing-Training
942 _ddc
_cB
999 _c32501
_d32501